| 000 | 00499nam a2200145Ia 4500 | ||
|---|---|---|---|
| 020 | _a1897829205(hb) | ||
| 100 |
_aJogindar Singh _949396 |
||
| 245 |
_aBehind the scene _ban analysis of India's military operations 1947-1971 |
||
| 260 |
_aNew Delhi: _bLancer International Spantech _c1993 |
||
| 300 | _a273p: ill. | ||
| 526 |
_a0 _b0 _c0 _d940_000000000000000_4002230FF |
||
| 650 |
_aIndia. Armed Forces _949397 |
||
| 650 |
_aOperational Readiness (Military Science) -- India _949398 |
||
| 942 |
_2ddc _cBK |
||
| 999 |
_c552185 _d552185 |
||